000 00381nam a2200145Ia 4500
005 20250729165752.0
008 250729s2015 xx 000 0 und d
041 _aeng
082 _a420.25 KARE
100 _aKarnataka Government
_9232537
245 _aEnglish - 10 th Std
260 _aBangalore
_bKarnataka Text Book Socity
_c2015
300 _a208p
650 _aEnglish
_9232538
999 _c239832
_d239832